Informe del Ministro de relaciones Exteriores al Congreso de 1933 (Registro nro. 62312)

Detalles MARC
000 -ENCABEZADO
Número de control [NR] 00829nam a2200193Ia 4500
008 - DE LONGITUD FIJA DE DATOS DE ELEMENTOS - INFORMACIÓN GENERAL
Elementos de longitud fija [NR] 130821s1933 ck gr spa
040 ## - FUENTE DE CATALOGACION [NR]
Agencia de catalogación original [NR] Co-BoUCM
Idioma de catalogación [NR] spa
041 00 - CODIGO DE IDIOMA [R]
Código de idioma para texto/pista de sonido o título separado [R] Español
110 1# - ASIENTO PRINCIPAL--NOMBRE CORPORATIVO [NR]
Nombre corporativo o de jurisdicción como elemento de entrada [NR] Colombia.
Unidad subordinada [R] Ministerio de Relaciones Exteriores
245 10 - MENCION DE TITULO [NR]
Título [NR] Informe del Ministro de relaciones Exteriores al Congreso de 1933
Mención de responsabilidad, etc. [NR] Ministerio de Relaciones Exteriores, Roberto Urdaneta Arbeláez
260 ## - PUBLICACION, DISTRIBUCION, ETC. (PIE DE IMPRENTA) [R]
Lugar de publicación, distribución, etc. [R] Bogotá (Colombia)
Nombre del editor, distribuidor, etc. [R] Minerva
Fecha de publicación, distribución, etc. [R] 1933
300 ## - DESCRIPCION FISICA [R]
Extensión [R] 228 páginas
651 #7 - ASIENTO SECUNDARIO DE MATERIA - NOMBRE GEOGRAFICO [R]
Nombre geográfico [NR] Colombia
Geographic name following place entry element [OBSOLETE] Ministerio de Relaciones Exteriores
Subdivisión de forma [R] Informes
Subdivisión cronológica [R] 1933
9 (RLIN) 26606
651 #7 - ASIENTO SECUNDARIO DE MATERIA - NOMBRE GEOGRAFICO [R]
Nombre geográfico [NR] Colombia
Geographic name following place entry element [OBSOLETE] Relaciones internacionales
Subdivisión cronológica [R] 1933
9 (RLIN) 26606
651 #7 - ASIENTO SECUNDARIO DE MATERIA - NOMBRE GEOGRAFICO [R]
Nombre geográfico [NR] Colombia
Subdivisión general [R] Administración pública
Subdivisión de forma [R] Informes
Subdivisión cronológica [R] 1933
9 (RLIN) 26606
700 1# - ASIENTO SECUNDARIO - NOMBRE PERSONAL [R]
Nombre personal [NR] Urdaneta Arbeláez, Roberto
Fechas asociadas con el nombre [NR] 1890-1972.
942 ## - ELEMENTOS DE ENTRADA AGREGADOS (KOHA)
Tipo de ítem principal el descrito en 300a Libro
Tema principal Ciencia política
Edición 1
Parte restante de la signatura top. C718
Sistema de clasificación DEWEY
Clasificación 351.0006
Existencias
Total préstamos Signatura topográfica Código de barras Última vez visto Volúmen / Fascículo Ejemplar Price effective from Tipo de ítem Perdido Sistema de clasificación Dañado No prestable Tipo de ítem específico Suprimido Ubicación habitual Ubicación actual Localización Fecha de creación Forma de adquisición Costo
  351.0006 C718 3000882 15/12/2012 1933 Ej.1 03/02/2013 Libro   DEWEY     Libro     Bib. Cavelier Acavalier 30/09/2009   0.00